| 000 | 00601nam a2200193Ia 4500 | ||
|---|---|---|---|
| 005 | 20260601193221.0 | ||
| 008 | 260601s9999||||xx |||||||||||||| ||und|| | ||
| 020 |
_a978-981-99-8104-5 _qebk |
||
| 100 | _aJiachi Chen | ||
| 245 | 0 | _aBlockchain and Trustworthy Systems | |
| 250 | _a1st ed. 2024 | ||
| 260 |
_aHeidelberg, Germany _bSpringer Nature _c2024 |
||
| 440 | _aCommunications in Computer and Information Science | ||
| 650 | _aComputer Science | ||
| 700 | _aBin Wen | ||
| 700 | _aTing Chen | ||
| 856 | _uhttps://link.springer.com/openurl?genre=book&isbn=978-981-99-8104-5 | ||
| 942 |
_cEB _2ddc |
||
| 999 |
_c55815 _d55815 |
||